Storage studies of pineapple titbits (Record no. 15082)
[ view plain ]
| 000 -LEADER | |
|---|---|
| fixed length control field | 00645nam a22001697a 4500 |
| 003 - CONTROL NUMBER IDENTIFIER | |
| control field | OSt |
| 088 ## - REPORT NUMBER | |
| Report number | P 127 |
| 100 ## - MAIN ENTRY--AUTHOR NAME | |
| Personal name | JUBY M. VARGHESE |
| -- | REEBA P. P |
| 245 ## - TITLE STATEMENT | |
| Title | Storage studies of pineapple titbits |
| 260 ## - PUBLICATION, DISTRIBUTION, ETC. (IMPRINT) | |
| Place of publication | Tavanur 2002 |
| Name of publisher | Kelappaji college of Agricultural Engineering and Technology |
| 300 ## - PHYSICAL DESCRIPTION | |
| Number of Pages | 43 |
| 500 ## - GENERAL NOTE | |
| General note | Storage studies of pineapple titbits |
| 520 ## - SUMMARY, ETC. | |
| Summary, etc | fresh fruits and vegetables form an important and essential component of human diet.pineapple is one of the choicest multiple fruits which characterise balmy tropical lands. |
| 700 ## - ADDED ENTRY--PERSONAL NAME | |
| Personal name | Er. Prince M. V (Guide) |
| 942 ## - ADDED ENTRY ELEMENTS (KOHA) | |
| Koha item type | Project Report |
| Collection code | Home library | Current library | Shelving location | Full call number | Accession Number | Koha item type |
|---|---|---|---|---|---|---|
| Reference | KAUAET | KAUAET | Reference | 631.56 JUB/ST | P 127 | Project Report |
